Nanotechnology Approaches to Glucose Monitoring / Andreas Thomas and Medtronic GmbH and Araceli Ramirez and Alfred Zehe and Universidad Autonoma de Puebla describe how Nanoelectronics Could Revolutionise Diabetes Therapy (Record no. 9299)
[ view plain ]
| 000 -LEADER | |
|---|---|
| fixed length control field | 00930cam a22001814a 4500 |
| 005 - ΗΜΕΡΟΜΗΝΙΑ ΚΑΙ ΩΡΑ ΤΕΛΕΥΤΑΙΑΣ ΕΝΗΜΕΡΩΣΗΣ | |
| Πεδίο ελέγχου | 20250605164357.0 |
| 008 - FIXED-LENGTH DATA ELEMENTS--GENERAL INFORMATION | |
| Πεδίο ελέγχου σταθερού μήκους | 250528s ||||||||||||||||||||||||d |
| 035 ## - SYSTEM CONTROL NUMBER | |
| System control number | 24416 |
| 040 ## - ΠΗΓΗ ΚΑΤΑΛΟΓΟΓΡΑΦΗΣΗΣ | |
| Φορέας πρωτότυπης καταλογογράφησης | MC Athens Campus Library |
| Γλώσσα καταλογογράφησης | Ελληνικά, Μοντέρνα (1453-) |
| Modifying agency | MC Athens Campus Library |
| Κανόνες περιγραφικής καταλογογράφησης | AACR2 |
| 245 1# - ΤΙΤΛΟΣ ΚΑΙ ΔΗΛΩΣΗ ΥΠΕΥΘΥΝΟΤΗΤΑΣ | |
| Τίτλος | Nanotechnology Approaches to Glucose Monitoring / Andreas Thomas and Medtronic GmbH and Araceli Ramirez and Alfred Zehe and Universidad Autonoma de Puebla describe how Nanoelectronics Could Revolutionise Diabetes Therapy |
| 260 ## - PUBLICATION, DISTRIBUTION, ETC. | |
| Date of publication, distribution, etc. | 2016 |
| 300 ## - PHYSICAL DESCRIPTION | |
| Extent | 72 |
| 520 ## - SUMMARY, ETC. | |
| Summary, etc. | Industry Cooperation that is Taking Off: Aviation Consultants Ricardo Aitken and Michal Wielgus Explain the Need to Standarise the Pharmaceutical Air Transport Supply Chain, New Trends in Intelligent Robotics: Dr. Patrick Courtney and Tec-Connection Highlights the Latest Advances in Laboratory Automation. |
| 700 1# - ΠΡΟΣΘΕΤΗ ΑΝΑΓΡΑΦΗ--ΦΥΣΙΚΟ ΠΡΟΣΩΠΟ | |
| Personal name | Richards Caroline |
| 9 (RLIN) | 9463 |
| 942 ## - ADDED ENTRY ELEMENTS (KOHA) | |
| Koha item type | Περιοδικά Δημοσιεύματα |
| Τύπος τεκμηρίου | Βιβλιοθήκη | Τρέχουσα τοποθεσία | Barcode | Ημερομηνία απόκτησης | Ταξιθετικό σύμβολο | Αριθμός αντιτύπου | Αρίθμηση σειρών / χρονολογία | Κατάσταση απόσυρσης | Κατάσταση χαμένου | Κατάσταση κατεστραμμένου | Μη δανεισμός | Σύνολο δανεισμών | Ημερομηνία τελευταίας εμφάνισης | Η τιμή ισχύει από |
|---|---|---|---|---|---|---|---|---|---|---|---|---|---|---|
| Περιοδικά Δημοσιεύματα | MC Athens Campus Library | MC Athens Campus Library | 9780000092984 | 05/06/2025 | EUROPEAN PHARMACEUTICAL REVIEW | 1 | 21 | 05/06/2025 | 05/06/2025 |